| 000 | 00785nam a2200241Ia 4500 | ||
|---|---|---|---|
| 003 | OSt | ||
| 005 | 20200917141905.0 | ||
| 008 | 191128s2005 ck a br 000 0 spa d | ||
| 020 | _a9587061748 | ||
| 040 |
_aCO-JMCR _cCO-JMCR |
||
| 041 | 1 |
_aspa _heng |
|
| 082 | 0 | 4 |
_a428 / _b I51i _223 |
| 110 | 1 |
_aCasa editorial El Tiempo _910381 |
|
| 245 | 1 | 0 |
_aInglés : _bmy friend/ _cCasa editorial El Tiempo |
| 260 |
_aBogotá : _bCasa editorial El Tiempo : Periódico Hoy, _c2005. |
||
| 300 |
_a336 páginas : _b ilustraciones a color ; _c26 cm. |
||
| 546 | _aTexto en Español e Ingles. | ||
| 650 | 2 | 4 |
_aInglés _910378 |
| 650 | 2 | 4 |
_aInglés Gramática _xInglés _910382 |
| 650 | 2 | 4 |
_aVocabulario Inglés _910383 |
| 650 | 2 | 4 |
_aLibros de conversación y de frases _910384 |
| 942 |
_2ddc _cBK |
||
| 999 |
_c4406 _d4406 |
||